000 00287nam a22001337a 4500
008 170724b xxu||||| |||| 00| 0 eng d
020 _a9781418839215
041 _aeng
080 _a004
100 _a29
101 _aSHK
245 _aMACROMEDIA FLASH 8
_cLOPEZ,L.A
942 _2udc
_cBK
999 _c21798
_d21798